Guess the Manchester City player 1 - Statistics

General Stats
  • This quiz has been taken 154 times
  • The average score is 16 of 20
Answer Stats
Picture Answer % Correct
Kevin De Bruyne
95%
Bernardo Silva
94%
Raheem Sterling
94%
Kyle Walker
92%
Gabriel Jesus
91%
Ilkay Gündogan
91%
Sergio Agüero
91%
Joe Hart
88%
John Stones
88%
Rodrigo Hernández
88%
Cole Palmer
86%
Julián Álvarez
86%
Frank Lampard
85%
Oleksandr Zintsjenko
83%
Carlos Tévez
79%
Samir Nasri
62%
Kolo Touré
61%
Patrick Vieira
51%
Aleksandar Kolarov
42%
Nigel De Jong
39%
No matching quizzes found
Score Distribution
Percent of People with Each Score
Percentile by Number Answered
Your Score History
You have not taken this quiz